LEADER 00615nas a2200157 i 4500 001 000000009375 003 CaOOAMICUS 005 20180830125439.0 008 180830n it u0 ita u 040 $aSeMil$bita 245 10$aStudi massajani. 260 $aRoma :$bIstituto Storico dei Cappuccini,$c[196?] 300 $av. ;$c25 cm. 774 0 $aMassaja, Guglielmo $tLettere e scritti minori.$dRoma : Istituto Storico dei Cappuccini, 1978.$g3$w()9373 996 $6245$aStudi massajani$9(OLS)http://semarc/title/12384 996 $6260$aRoma :$bIstituto Storico dei Cappuccini$9(OLS)http://semarc/publisher/32554 LEADER 01009nam a2200229 i 4500 001 000000352416 003 CaOOAMICUS 005 20260304111844.0 008 221201s2022 it a d u000 u ita u 020 $a978-88-12-01033-2 040 $aSeMil$bita 245 00$aDizionario storico-etimologico :$bparole da scoprire. 264 1$aRoma :$bIstituto della Enciclopedia Italiana,$c2022. 300 $aXI, 609 p. ;$c29 cm. 650 4$aLingua italiana - Etimologia.$0(OLS)http://semarc/subject/8238 773 0 $tVocabolario Treccani.$dRoma : Istituto della Enciclopedia Italiana, 2008-2022.$w()23519 850 $aSeMil 852 $aSeMil$W1$xVenegono$y1$mSL1.K VI 47$j267967$B243597$CSeMilBibl$Z2$F243597 $8I 996 $6020$a978-88-12-01033-2$9(OLS)http://semarc/number/297267 996 $6245$aDizionario storico-etimologico :$bparole da scoprire$9(OLS)http://semarc/title/442219 996 $6264$aRoma :$bIstituto della Enciclopedia Italiana$9(OLS)http://semarc/publisher/30014